Mechatronics and machine tools / (Record no. 178786)
[ view plain ]
| 000 -LEADER | |
|---|---|
| fixed length control field | 01216 a2200229 4500 |
| 003 - CONTROL NUMBER IDENTIFIER | |
| control field | Nust |
| 005 - DATE AND TIME OF LATEST TRANSACTION | |
| control field | 20221024142059.0 |
| 010 ## - LIBRARY OF CONGRESS CONTROL NUMBER | |
| LC control number | 98051794 |
| 020 ## - INTERNATIONAL STANDARD BOOK NUMBER | |
| International Standard Book Number | 0071346341 (hc.) |
| 040 ## - CATALOGING SOURCE | |
| Transcribing agency | Nust |
| 082 00 - DEWEY DECIMAL CLASSIFICATION NUMBER | |
| Classification number | 621.21,LIM |
| 100 ## - MAIN ENTRY--PERSONAL NAME | |
| Personal name | HMT Limited |
| 9 (RLIN) | 77295 |
| 245 00 - TITLE STATEMENT | |
| Title | Mechatronics and machine tools / |
| Statement of responsibility, etc. | HMT Limited. |
| 260 ## - PUBLICATION, DISTRIBUTION, ETC. | |
| Place of publication, distribution, etc. | New York : |
| Name of publisher, distributor, etc. | McGraw Hill, |
| Date of publication, distribution, etc. | c1999. |
| 300 ## - PHYSICAL DESCRIPTION | |
| Extent | xviii, 461 p. : |
| Other physical details | ill. ; |
| Dimensions | 24 cm. |
| 505 ## - FORMATTED CONTENTS NOTE | |
| Formatted contents note | Introduction (Page-1), Introduction to Modern CNC Machines and Manufacturing systems (Page-6), Electronics for Mechanical Engineers (Page-29), Mechanical Systems for Electronics Engineers (Page-79), Design of Modern CNC Machines and mechtronic Elements (Page-135) Assembly Techniques (Page-184), Drives and Electricals(Page-240), CNC Systems (Page-308), Programming and Operation of CNC Machines (Page-338), Testing Of Machine Tools (Page-378), Industrial Design Aesthetics and Ergonomics (Page-434), Introduction to Computer and CAD/ CAM (Page-448). |
| 650 #0 - SUBJECT ADDED ENTRY--TOPICAL TERM | |
| Topical term or geographic name entry element | Machine-tools. |
| 650 #0 - SUBJECT ADDED ENTRY--TOPICAL TERM | |
| Topical term or geographic name entry element | Mechatronics. |
| 710 2# - ADDED ENTRY--CORPORATE NAME | |
| Corporate name or jurisdiction name as entry element | Hindustan Machine Tools Limited. |
| 9 (RLIN) | 101276 |
| 856 42 - ELECTRONIC LOCATION AND ACCESS | |
| Materials specified | Publisher description |
| Uniform Resource Identifier | <a href="http://www.loc.gov/catdir/description/mh023/98051794.html">http://www.loc.gov/catdir/description/mh023/98051794.html</a> |
| 942 ## - ADDED ENTRY ELEMENTS (KOHA) | |
| Source of classification or shelving scheme | |
| Koha item type | Book |
| Withdrawn status | Lost status | Source of classification or shelving scheme | Damaged status | Not for loan | Permanent Location | Current Location | Shelving location | Date acquired | Full call number | Barcode | Date last seen | Price effective from | Koha item type | Public note |
|---|---|---|---|---|---|---|---|---|---|---|---|---|---|---|
| Military College of Signals (MCS) | Military College of Signals (MCS) | General Stacks | 12/12/2016 | 621.21,LIM | MCS28523 | 12/08/2016 | 12/12/2016 | Book | Almirah No.27, Shelf No.6 |
